00608nam a2200205Ia 4500003000900000008004100009020001800050040001600068080002000084100001600104245008400120250001200204260004800216300001500264490004000279650001500319650004100334650001900375650000800394IN-BaIIA211028s9999 xx 000 0 eng d a0-521-24714-4 cIIA Library a523.942.33bBRA aBray, R. J. 4aThe solar granulationcR. J. Bray  a2nd ed. aCambridgebCambridge University Pressc1984 axvi, 256p. aCambridge astrophysics series; v. 5 aActive Sun aAstronomy and Astrophysics Thesaurus aSolar Activity aSun